Random Generation II Pokemon by Base Stat Spread - Statistics

General Stats
  • This quiz has been taken 10 times
  • The average score is 8 of 20
Answer Stats
Total HP Attack Defense Sp. Attack Sp. Defense Speed Pokemon % Correct
360 55 70 55 40 55 85 Aipom
100%
540 255 10 10 75 135 55 Blissey
100%
405 65 80 80 59 63 58 Croconaw
100%
580 115 115 85 90 75 100 Entei
100%
525 65 65 60 130 95 110 Espeon
100%
530 85 105 100 79 83 78 Feraligatr
100%
680 106 130 90 110 154 90 Ho-oh
100%
300 50 64 50 45 50 41 Larvitar
100%
680 106 90 130 90 154 110 Lugia
100%
485 85 40 70 80 140 70 Mantine
100%
435 60 60 60 85 85 85 Misdreavus
100%
450 100 100 80 60 60 50 Piloswine
100%
290 50 65 90 35 35 15 Pineco
100%
505 20 10 230 10 230 5 Shuckle
100%
250 55 20 35 20 45 75 Smeargle
100%
510 75 85 200 55 65 30 Steelix
100%
600 100 134 110 95 100 61 Tyranitar
100%
210 35 35 35 35 35 35 Tyrogue
100%
500 70 130 100 55 80 65 Scizor
67%
218 50 25 28 45 55 15 Cleffa
50%
465 75 90 140 60 60 40 Forretress
50%
415 85 76 64 45 55 90 Furret
50%
455 70 80 65 90 65 85 Girafarig
50%
430 65 75 105 35 65 85 Gligar
50%
500 75 90 50 110 80 95 Houndoom
50%
540 75 95 95 95 95 85 Kingdra
50%
460 125 58 58 76 76 67 Lanturn
50%
395 55 35 50 55 110 85 Ledian
50%
490 95 80 105 40 70 100 Miltank
50%
500 90 75 75 90 100 70 Politoed
50%
580 90 85 75 115 100 115 Raikou
50%
250 40 40 40 70 40 20 Slugma
50%
245 35 20 65 40 65 20 Togepi
50%
470 65 75 70 95 70 95 Xatu
50%
405 58 64 58 80 65 80 Quilava
33%
425 75 75 55 105 85 30 Sunflora
33%
314 50 65 64 44 48 43 Totodile
25%
405 190 33 58 33 58 33 Wobbuffet
25%
510 90 75 85 115 90 55 Ampharos
0%
400 70 90 70 60 70 40 Ariados
0%
420 100 50 80 60 80 50 Azumarill
0%
405 60 62 80 63 80 60 Bayleef
0%
490 75 80 95 90 100 50 Bellossom
0%
600 100 100 100 100 100 100 Celebi
0%
318 45 49 65 49 65 45 Chikorita
0%
330 75 38 38 56 56 67 Chinchou
0%
410 65 55 95 65 95 35 Corsola
0%
535 85 90 80 70 80 130 Crobat
0%
309 39 52 43 60 50 65 Cyndaquil
0%
330 45 55 45 65 45 75 Delibird
0%
500 90 120 120 60 60 50 Donphan
0%
415 100 70 70 65 65 40 Dunsparce
0%
360 45 63 37 65 55 95 Elekid
0%
365 70 55 55 80 60 45 Flaaffy
0%
450 90 120 75 60 60 45 Granbull
0%
500 80 125 75 40 95 85 Heracross
0%
455 50 95 95 35 110 70 Hitmontop
0%
262 60 30 30 36 56 50 Hoothoot
0%
250 35 35 40 35 55 50 Hoppip
0%
330 45 60 30 80 50 65 Houndour
0%
210 90 30 15 40 20 15 Igglybuff
0%
460 75 55 70 55 95 110 Jumpluff
0%
265 40 20 30 40 80 55 Ledyba
0%
365 45 75 37 70 55 83 Magby
0%
430 60 50 120 90 80 30 Magcargo
0%
280 55 40 40 65 45 35 Mareep
0%
250 70 20 50 20 50 40 Marill
0%
525 80 82 100 83 100 80 Meganium
0%
405 60 85 42 85 42 91 Murkrow
0%
320 40 50 45 70 45 70 Natu
0%
452 100 50 50 86 96 70 Noctowl
0%
480 75 105 75 105 75 45 Octillery
0%
330 90 60 60 40 40 40 Phanpy
0%
205 20 40 15 35 35 60 Pichu
0%
515 85 80 90 105 95 60 Porygon2
0%
410 70 84 70 65 70 51 Pupitar
0%
430 95 85 85 65 65 35 Quagsire
0%
440 65 95 85 55 55 85 Qwilfish
0%
300 35 65 35 65 35 65 Remoraid
0%
215 35 46 34 35 45 20 Sentret
0%
465 65 80 140 40 70 70 Skarmory
0%
340 55 45 50 45 65 80 Skiploom
0%
490 95 75 80 100 110 30 Slowking
0%
305 45 30 15 85 65 65 Smoochum
0%
430 55 95 55 35 75 115 Sneasel
0%
300 60 80 50 40 40 30 Snubbull
0%
250 40 60 40 40 40 30 Spinarak
0%
465 73 95 62 85 65 85 Stantler
0%
410 70 100 115 30 65 30 Sudowoodo
0%
580 100 75 115 90 115 85 Suicune
0%
180 30 30 30 30 30 30 Sunkern
0%
250 50 50 40 30 30 50 Swinub
0%
330 60 80 50 50 50 40 Teddiursa
0%
405 55 40 85 80 105 40 Togetic
0%
534 78 84 78 109 85 100 Typhlosion
0%
525 95 65 110 60 130 65 Umbreon
0%
336 48 72 48 72 48 48 Unown
0%
500 90 130 75 75 75 55 Ursaring
0%
210 55 45 45 25 25 15 Wooper
0%
390 65 65 45 75 45 95 Yanma
0%
No matching quizzes found
Score Distribution
Percent of People with Each Score
Percentile by Number Answered
Your Score History
You have not taken this quiz